000 00891cad a22002295a 4500
001 L144872
008 080815s2007 xxkad f s 000 0 eng d
035 _a(Sirsi) u144872
041 0 _aeng
050 0 4 _a333.33 $2 18
110 2 _aInvestment Property Databank
_92288
245 0 0 _aIPD UK quarterly property index
_bend June 2008
_h[electronic resource]
260 _aLondon
_bIPD
_c2007
490 0 _aIPD UK Quarterly Property Index
_vJune 2008
520 _aThe All Property total return for the quarter ending in June was -2.7%, up on the previous quarter when all property returns stood at -3.3%.
590 _aKA
650 2 4 _aIPD UK QUARTERLY PROPERTY INDEX
651 4 _aUnited Kingdom
_y
690 _aPROPERTY-COMMERCIAL PROPERTY-COMMERCIAL PROPERTY MARKET
856 4 0 _uhttps://www.ipd.com/
_zView this report free of charge under indices at www. ipd.com...
942 _n0
999 _c108639
_d108639